Company Law and Practice (Record no. 10777)
[ view plain ]
| 000 -LEADER | |
|---|---|
| fixed length control field | 00328nam a2200133Ia 4500 |
| 008 - FIXED-LENGTH DATA ELEMENTS--GENERAL INFORMATION | |
| fixed length control field | 191201s2011 xx 000 0 und d |
| 082 ## - DEWEY DECIMAL CLASSIFICATION NUMBER | |
| Classification number | 658.12 |
| Item number | NOC |
| 100 ## - MAIN ENTRY--PERSONAL NAME | |
| Personal name | NOLAKHA, Ratan |
| 245 #0 - TITLE STATEMENT | |
| Title | Company Law and Practice |
| 260 ## - PUBLICATION, DISTRIBUTION, ETC. (IMPRINT) | |
| Place of publication, distribution, etc | New Delhi |
| Name of publisher, distributor, etc | Vikas Pub. House |
| Date of publication, distribution, etc | 2015 |
| 300 ## - PHYSICAL DESCRIPTION | |
| Extent | Misc |
| 650 ## - SUBJECT ADDED ENTRY--TOPICAL TERM | |
| Topical term or geographic name as entry element | B Com |
| 942 ## - ADDED ENTRY ELEMENTS (KOHA) | |
| Source of classification or shelving scheme | Dewey Decimal Classification |
| Koha item type | Text Books |
| 942 ## - ADDED ENTRY ELEMENTS (KOHA) | |
| -- | 4 |
| Withdrawn status | Lost status | Source of classification or shelving scheme | Damaged status | Not for loan | Collection code | Home library | Current library | Date acquired | Source of acquisition | Currency | Cost, normal purchase price | Bill Number | Total Checkouts | Full call number | Acc. no. / Barcode | Date last seen | Date last borrowed | Actual Cost, discounted price | Bill Date | Koha item type |
|---|---|---|---|---|---|---|---|---|---|---|---|---|---|---|---|---|---|---|---|---|
| Dewey Decimal Classification | B.Com | PIET NCR College Library | PIET NCR College Library | 15/07/2021 | Kirti Prakashan | IN Rupees | 525.00 | IN2261 | 1 | 658.12 NOC | N1340 | 13/09/2021 | 08/09/2021 | 351.75 | 15/07/2021 | Text Books | ||||
| Dewey Decimal Classification | B.Com | PIET NCR College Library | PIET NCR College Library | 15/07/2021 | Kirti Prakashan | IN Rupees | 525.00 | IN2261 | 2 | 658.12 NOC | N1341 | 01/06/2026 | 21/05/2026 | 351.75 | 15/07/2021 | Text Books | ||||
| Dewey Decimal Classification | B.Com | PIET NCR College Library | PIET NCR College Library | 15/07/2021 | Kirti Prakashan | IN Rupees | 525.00 | IN2261 | 1 | 658.12 NOC | N1342 | 23/10/2021 | 02/09/2021 | 351.75 | 15/07/2021 | Text Books | ||||
| Dewey Decimal Classification | B.Com | PIET NCR College Library | PIET NCR College Library | 15/07/2021 | Kirti Prakashan | IN Rupees | 525.00 | IN2261 | 3 | 658.12 NOC | N1343 | 09/04/2024 | 28/03/2024 | 351.75 | 15/07/2021 | Text Books | ||||
| Dewey Decimal Classification | B.Com | PIET NCR College Library | PIET NCR College Library | 15/07/2021 | Kirti Prakashan | IN Rupees | 525.00 | IN2261 | 658.12 NOC | N1344 | 04/08/2021 | 351.75 | 15/07/2021 | Reference Books |